=LDR 00000nam 2200000 4500 =001 INLIS00000000000052 =005 20260702043538 =020 ##$$a 978-3833-07-6 =082 ##$$a 618.920 =100 1#$$a Dr,Karel & Mila Meiliasari =245 1 $$a Menjadi Dokter Anak Di Rumah /$c Dr,Karel & Mila Meiliasari =300 ##$$a 72 ; 17.6 x 25